Under the Sea - Lyrics - Statistics

General Stats
  • This quiz has been taken 20 times
  • The average score is 51 of 83
Answer Stats
Answer % Correct
Right here on the ocean{ }floor
100%
Under the {sea}
93%
Under the {sea}
93%
Under the {sea}, under the sea
93%
Just look at {the} world around you
87%
Life {under} the sea
87%
They in for {a} worser fate
87%
Under {the} sea
87%
Under {the} sea
87%
Under {the} sea
87%
Under {the} sea
87%
{Under} the sea
87%
Under {the} sea
87%
Under {the} sea
87%
{Under} the sea, {under} the sea
87%
Under the sea, under {the} sea
87%
When {the} sardine
87%
Yeah, under the sea, {under} the sea
87%
But that is a {big} mistake
80%
Down here all the fish {is} happy
80%
Life {is} the bubbles
80%
Such wonderful {things} surround you
80%
Take it {from} me
80%
The seaweed {is} always greener
80%
What more are you {lookin'} for?
80%
You dream about going {up} there
80%
{Ariel}, listen to me
73%
{Darling} it's better
67%
Down {where} it's wetter
67%
Guess who's {gon}' be on the plate
67%
In somebody else's {lake}
67%
Is better than {anything} they got up there
67%
Oh, {no}, under the sea
67%
One day when the boss {get} hungry
67%
Out in the sun they {slave} away
67%
The human {world}, it's a mess
67%
They know {where} it's at
67%
Up on the shore they {work} all day
67%
We got {no} troubles
67%
Nobody beat {us}
60%
They {sad} cause they're in their bowl
60%
You got to {hear} it
60%
As off through the {waves} they roll
53%
But the fish in the bowl is {lucky}
53%
Since {life} is sweet here
53%
The fish on the land {ain't} happy
53%
Under the sea we off the {hook}
53%
We got the {beat} here
53%
We what the {land} folks loves to cook
53%
While where {devotin'}
53%
And {they} soundin' sharp
47%
Each {little} clam here
47%
Each {little} snail here
47%
{Fry} us and {eat} us
47%
In {fricassee}
47%
It's {music} to me, it's {music} to me
47%
Oh and that blowfish {blow}
47%
The carp can play the {harp}
47%
The chub can play the {tub}
47%
The newt can {play} the flute
47%
Time full {to} floatin'
47%
We {got} the spirit
47%
What do they got? A {lot} of sand
47%
And the {fluke} is the duke of soul
40%
Begin to {beguine}
40%
Cuttin' a rug {here}
40%
Down in the {muck} here
40%
Each little {slug} here
40%
Even the sturgeon {and} the ray
40%
Know how to {jam} here
40%
Know how to {wail} here
40%
{Naturally}, {naturally}
40%
That's {why} it's hotter
40%
The {bass} can play the brass
40%
The {blackfish} she sings
40%
The {lings} on the strings
40%
The {smelt} and the sprat
40%
The trout rockin' {out}
40%
They get in the {urge} 'n' start to play
40%
They {ray} he can play
40%
We got a hot {crustacean} band
40%
The {plaice} can play the bass
33%
{Ya} we in luck here
27%
No matching quizzes found
Score Distribution
Percent of People with Each Score
Percentile by Number Answered
Your Score History
You have not taken this quiz